| 000 -LEADER |
| fixed length control field |
01659cam a22003612a 4500 |
| 001 - CONTROL NUMBER |
| control field |
.b14202633 |
| 003 - CONTROL NUMBER IDENTIFIER |
| control field |
OSt |
| 005 - DATE AND TIME OF LATEST TRANSACTION |
| control field |
20210528095016.0 |
| 008 - FIXED-LENGTH DATA ELEMENTS--GENERAL INFORMATION |
| fixed length control field |
151025t20152006nyua c 000 f eng |
| 020 ## - INTERNATIONAL STANDARD BOOK NUMBER |
| International Standard Book Number |
9780062367051 |
| Qualifying information |
(pbk.) : |
| 020 ## - INTERNATIONAL STANDARD BOOK NUMBER |
| International Standard Book Number |
9780062367150 |
| Qualifying information |
Boxset |
| 040 ## - CATALOGING SOURCE |
| Original cataloging agency |
KUAS |
| Language of cataloging |
eng |
| Transcribing agency |
DIPPER |
| Description conventions |
rda |
| 041 0# - LANGUAGE CODE |
| Language code of text/sound track or separate title |
eng |
| 042 ## - AUTHENTICATION CODE |
| Authentication code |
nbic |
| 082 ## - DEWEY DECIMAL CLASSIFICATION NUMBER |
| Classification number |
FIC HUN |
| 100 1# - MAIN ENTRY--PERSONAL NAME |
| Personal name |
Hunter, Erin, |
| Relator term |
author. |
| 245 10 - TITLE STATEMENT |
| Title |
Starlight / |
| Statement of responsibility, etc. |
Erin Hunter. |
| 250 ## - EDITION STATEMENT |
| Edition statement |
Revised paperback edition. |
| 260 ## - PUBLICATION, DISTRIBUTION, ETC. |
| Place of publication, distribution, etc. |
New York, N.Y. |
| Name of publisher, distributor, etc. |
Harper, |
| Date of publication, distribution, etc. |
2015. |
| 300 ## - PHYSICAL DESCRIPTION |
| Extent |
317, 16 pages : |
| Other physical details |
illustrations : map ; |
| Dimensions |
20 cm. |
| 490 1# - SERIES STATEMENT |
| Series statement |
Warriors, the new prophecy ; |
| Volume/sequential designation |
book 4. |
| 500 ## - GENERAL NOTE |
| General note |
First published : 2006. |
| 500 ## - GENERAL NOTE |
| General note |
Includes excerpt from book 5 : Twilight. |
| 520 ## - SUMMARY, ETC. |
| Summary, etc. |
Before there is peace, blood will spill blood. The Clans have finally arrived in their new home, and now they must struggle to establish territories and learn the hidden dangers of this unfamiliar world. Most important, they must find a replacement for the Moonstone--a place to communicate with StarClan. But more than one cat is harboring sinister plans that could lead to violence and darkness, and as the warriors wait for a sign, they begin to realize that the threats they face in the forest may not be as perilous as the threats they face from within. |
| 521 ## - TARGET AUDIENCE NOTE |
| Target audience note |
Ages 8-12. |
| 650 #0 - SUBJECT ADDED ENTRY--TOPICAL TERM |
| Topical term or geographic name entry element |
Cats |
| General subdivision |
Juvenile fiction. |
| 650 #0 - SUBJECT ADDED ENTRY--TOPICAL TERM |
| Topical term or geographic name entry element |
Feral cats |
| General subdivision |
Juvenile fiction. |
| 650 #0 - SUBJECT ADDED ENTRY--TOPICAL TERM |
| Topical term or geographic name entry element |
Prophecies |
| General subdivision |
Juvenile fiction. |
| 650 #0 - SUBJECT ADDED ENTRY--TOPICAL TERM |
| Topical term or geographic name entry element |
Voyages and travels |
| General subdivision |
Juvenile fiction. |
| 655 #7 - INDEX TERM--GENRE/FORM |
| Genre/form data or focus term |
Fantasy fiction. |
| 800 1# - SERIES ADDED ENTRY--PERSONAL NAME |
| Personal name |
Hunter, Erin. |
| Title of a work |
Warriors, the new prophecy ; |
| Volume/sequential designation |
bk. 4. |
| 942 ## - ADDED ENTRY ELEMENTS (KOHA) |
| Source of classification or shelving scheme |
|
| Koha item type |
Books - Fiction |